PRACTICAL HANDBOOK OF RASASHASTRA AND BHAISHAJEYA KALPANA (Record no. 7846)
[ view plain ]
| 000 -LEADER | |
|---|---|
| fixed length control field | 00361nam a2200133Ia 4500 |
| 082 ## - DEWEY DECIMAL CLASSIFICATION NUMBER | |
| Classification number | 615.53 |
| Item number | P 13 R |
| 100 ## - MAIN ENTRY--PERSONAL NAME | |
| Personal name | RATHI, BHANAT J. |
| 245 ## - TITLE STATEMENT | |
| Title | PRACTICAL HANDBOOK OF RASASHASTRA AND BHAISHAJEYA KALPANA |
| 250 ## - EDITION STATEMENT | |
| Edition statement | 1 ST |
| 260 ## - PUBLICATION, DISTRIBUTION, ETC. (IMPRINT) | |
| Name of publisher, distributor, etc | CHAUKHAMBHA PUB. NEW DELHI |
| Year of Publication | 2013 |
| 300 ## - PAGE DESCRIPTION | |
| No. of Pages | 344 |
| 942 ## - ADDED ENTRY ELEMENTS (KOHA) | |
| Source of classification or shelving scheme | Dewey Decimal Classification |
| Koha item type | Books |
| 942 ## - ADDED ENTRY ELEMENTS (KOHA) | |
| -- | 4 |
| Withdrawn status | Lost status | Source of classification or shelving scheme | Damaged status | Not for loan | Collection code | Home library | Current library | Date acquired | Vendor Name | Cost, normal purchase price | SGTU | Bill Number | Total Checkouts | Full call number | Accession No. (Barcode) | Date last seen | Date last borrowed | Bill Date | Koha item type |
|---|---|---|---|---|---|---|---|---|---|---|---|---|---|---|---|---|---|---|---|
| Dewey Decimal Classification | AYURVEDA | SGT FA-FP Library | SGT FA-FP Library | 14/09/2015 | CHAUKHAMBHA PUB. NEW DELHI | 295.00 | SGTU | CP/B/788 | 5 | 615.53 P 13 R | FA1386 | 26/12/2020 | 12/12/2020 | 28/01/2015 | Books | ||||
| Dewey Decimal Classification | AYURVEDA | SGT FA-FP Library | SGT FA-FP Library | 14/09/2015 | CHAUKHAMBHA PUB. NEW DELHI | 295.00 | SGTU | CP/B/788 | 1 | 615.53 P 13 R | FA1387 | 15/03/2023 | 03/03/2023 | 28/01/2015 | Books | ||||
| Dewey Decimal Classification | AYURVEDA | SGT FA-FP Library | SGT FA-FP Library | 14/09/2015 | CHAUKHAMBHA PUB. NEW DELHI | 295.00 | SGTU | CP/B/788 | 2 | 615.53 P 13 R | FA1388 | 23/07/2019 | 04/06/2019 | 28/01/2015 | Books | ||||
| Dewey Decimal Classification | AYURVEDA | SGT FA-FP Library | SGT FA-FP Library | 14/09/2015 | CHAUKHAMBHA PUB. NEW DELHI | 295.00 | SGTU | CP/B/788 | 7 | 615.53 P 13 R | FA1389 | 01/03/2024 | 01/03/2024 | 28/01/2015 | Books | ||||
| Dewey Decimal Classification | AYURVEDA | SGT FA-FP Library | SGT FA-FP Library | 14/09/2015 | CHAUKHAMBHA PUB. NEW DELHI | 295.00 | SGTU | CP/B/788 | 5 | 615.53 P 13 R | FA1390 | 11/02/2020 | 30/01/2020 | 28/01/2015 | Books |